000 00448nam a2200145 a 4500
005 20140412111310.0
008 030416s19uu xx 00 eng d
050 _aM 220.9
_bJ71Je 1953
100 _aJones, Mary Alice
245 _aMy first book about Jesus /
_cby Mary Alice Jones ; illustrated by Robert Hatch.
260 _aPhilippines :
_bListen-N-Learn Enterprises,
_c1953.
300 _a1 v. (unp.) ; ill.
650 _aGod
999 _c103920
_d103920